000 00730nam a22002057a 4500
005 20240131113913.0
010 _aENG-139099
020 _c875.00
_a9789354094521
035 _aEN-122631
037 _bDBAD/PUB
082 _a260.33
100 _a Singh, Dr. Dharam
_961474
245 _aGuru Tegh Bahadur/
_cby Dr. Dharam Singh, Dr. Paramvir Singh; edited by Roma Chatterjee
_bHis Life, Travels and Message/
250 _a
260 _aNew Delhi
_bThe Director General, Publications Division,
_c2022
270 _bNew Delhi
_aSoochna Bhawan, C.G.O. Complex, Lodhi Road, New Delhi
_e110003
300 _a195p.
_c29cm(pbk)
700 _aSingh, Dr. Paramvir
_eAuthor
_961475
942 _2ddc
_cEN
_h260.33
_mSIN
999 _c200463
_d200463